000 00436nam a22001697a 4500
003 CEME
005 20210628204042.0
008 210106b xxu||||| |||| 00| 0 eng d
020 _a0387243585
040 _cceme
082 _a629.231 AND
100 _aAndrzejewski, Ryszard, Awrejcewicz Jan
_968464
245 _aNonlinear dynamics of a wheeled vehicle
260 _aUSA
_bSPRINGER
_c2005
300 _aVII, 328P
942 _cBK
_2ddc
999 _c576036
_d576036